| 000 | 01261nam a2200457 a 4500 | ||
|---|---|---|---|
| 005 | 20240412123954.0 | ||
| 008 | 100630s1984||||sp a|||f | |p 1p0 spa d | ||
| 020 | _a8434813513 | ||
| 041 | _aspa | ||
| 092 |
_c190 _l82 _sTEJ |
||
| 100 | 1 |
_aTejedor Campomanes, César. _93132 |
|
| 245 |
_aIntroducción a la filosofia / _cCésar Tejedor Campomanes. |
||
| 250 | _a1a ed. | ||
| 260 |
_aMadrid: _bS. M.; _c1990. |
||
| 300 | _a382 p. | ||
| 500 | _aTejedor Campomanes, C. (1990). Introducción a la filosofía. (1a ed.). Madrid : Ediciones S.M. | ||
| 590 | _aDonación Dora Vera, febrero 2017 | ||
| 653 | 3 | _aEl hombre | |
| 653 | _aCiencia | ||
| 653 | _aFilosofia | ||
| 653 | 3 | _aLa conducta humana | |
| 653 | 3 | _aLa percepción | |
| 653 | _aAprendizaje e inteligencia | ||
| 653 | _aMotivación | ||
| 653 | _aPersonalidad | ||
| 653 | 3 | _aEn sociedad | |
| 653 | 3 | _aLa comunicación | |
| 653 | _aCultura y sociedad | ||
| 653 | _aMoral | ||
| 653 | _aDerecho | ||
| 653 | _aSentido de la existencia | ||
| 653 | _aCondición humana | ||
| 653 | _aRealidad | ||
| 653 | _aSentido | ||
| 653 | _aLibertad | ||
| 653 | 3 | _aLa lógica | |
| 653 | _aLogica proposicional | ||
| 653 | _aLógica de clases | ||
| 930 | _a3760 | ||
| 942 |
_2ddc _cBK |
||
| 999 |
_c2312 _d2312 |
||